Marketingová stratégia - situačná analýza.

Charakteristika marketingu. Marketingová koncepcia. Schopnosť firmy reagovať na neustále sa meniacu situáciu na trhu - umožňuje jej to aj strategické plánovanie. Poslanie firmy. Formulácie cieľov firmy. Formulovanie programu pre realizáciu stratégie. Realizácia stratégie a spätná väzba.

Gespeichert in:
Bibliographische Detailangaben
1. Verfasser: Čunderlík, Dušan
Format: Buchkapitel
Sprache:Slowakisch
Schlagworte:
Tags: Tag hinzufügen
Keine Tags, Fügen Sie das erste Tag hinzu!

MARC

LEADER 00000naa a2200000 4500
001 r012855
005 20221213123029.5
041 0 |a slo 
044 |a SK 
245 1 0 |a Marketingová stratégia - situačná analýza.  |c Dušan Čunderlík 
520 |a Charakteristika marketingu. Marketingová koncepcia. Schopnosť firmy reagovať na neustále sa meniacu situáciu na trhu - umožňuje jej to aj strategické plánovanie. Poslanie firmy. Formulácie cieľov firmy. Formulovanie programu pre realizáciu stratégie. Realizácia stratégie a spätná väzba. 
610 2 0 |a marketing 
610 2 0 |a stratégia podniková 
610 2 0 |a ciele podnikové 
610 2 0 |a plánovanie strategické 
100 1 |a Čunderlík, Dušan